White paper blockchain in trade facilitation (Record no. 61705)

MARC details
000 -LEADER
fixed length control field 01001nam a2200241 a 4500
003 - CONTROL NUMBER IDENTIFIER
control field CBULib
005 - DATE AND TIME OF LATEST TRANSACTION
control field 20240823082751.0
008 - FIXED-LENGTH DATA ELEMENTS--GENERAL INFORMATION
fixed length control field 210301s2020 ||||||||||||||||| || u
020 ## - INTERNATIONAL STANDARD BOOK NUMBER
International Standard Book Number 9789211172546
040 ## - CATALOGING SOURCE
Original cataloging agency CBUlib
Language of cataloging English
Transcribing agency CBULib
Modifying agency CBUlib
Description conventions rda
050 ## - LIBRARY OF CONGRESS CALL NUMBER
Classification number UNECE(02)2020/17
110 ## - MAIN ENTRY--CORPORATE NAME
Corporate name or jurisdiction name as entry element United Nations Economic Commission for Europe (UNECE)
245 10 - TITLE STATEMENT
Title White paper blockchain in trade facilitation
Statement of responsibility, etc By United Nations Economic Commission for Europe(UNECE) ; United Nations Centre for Trade Facilitation and Electronic Business
260 ## - PUBLICATION, DISTRIBUTION, ETC. (IMPRINT)
Place of publication, distribution, etc Geneva
Name of publisher, distributor, etc UNITED NATIONS
Date of publication, distribution, etc 2020
336 ## - CONTENT TYPE
Source rdacontent
Content type term Text |
Content type code txt
337 ## - MEDIA TYPE
Source rdamedia
Media type term Unmediated |
Media type code n
338 ## - CARRIER TYPE
Source rdacarrier
Carrier type term Volume
Carrier type code nc
650 #0 - SUBJECT ADDED ENTRY--TOPICAL TERM
Topical term or geographic name as entry element INTERNATIONAL TRADE AND TRADE POLICY
9 (RLIN) 3258
650 #0 - SUBJECT ADDED ENTRY--TOPICAL TERM
Topical term or geographic name as entry element COMMERCIAL POLICY--INTERNATIONAL COOPERATIONS
9 (RLIN) 3399
710 ## - ADDED ENTRY--CORPORATE NAME
Corporate name or jurisdiction name as entry element United Nations Centre for Trade Facilitation and Electronic Business
942 ## - ADDED ENTRY ELEMENTS (KOHA)
Source of classification or shelving scheme
Koha item type INTERNATIONAL PUBLICATIONS
Holdings
Withdrawn status Lost status Source of classification or shelving scheme Damaged status Not for loan Permanent Location Current Location Shelving location Date acquired Total Checkouts Full call number Barcode Date last seen Price effective from Koha item type
          CBU-MAIN LIBRARY, KITWE. CBU-MAIN LIBRARY, KITWE.   11/30/2022   UNECE(02)2020/17 B4413 11/30/2022 11/30/2022 MONOGRAPH